000 00456nam a22001697a 4500
005 20200517155012.0
008 200517b xxu||||| |||| 00| 0 eng d
020 _a9788123914848
041 _aeng
082 _a615 RAV
100 _aRAVEENDRA R
_95444
245 _aViva voice Model questioons and question bank for diploma
260 _aNew Delhi
_bCBS Publishers and distributors
_c2019
300 _a138 x
650 _aPharmacy
_95445
942 _cBK
999 _c6239
_d6237